000 00285nam a2200109Ia 4500
005 20251222141949.0
008 251222s9999||||xx |||||||||||||| ||spa||
082 _aREF.153.6/A92/Ej.2
100 _aÁvila, Hernán
245 0 _aDiccionario de Psicología de la Comunicación
942 _cLIB
999 _c9612
_d9612